Normal view
MARC view
- Olsen, L. A Huckin, Thomas N
Entry Personal Name
001 - CONTROL NUMBER
- control field: 74366
003 - CONTROL NUMBER IDENTIFIER
- control field: NUST
005 - DATE AND TIME OF LATEST TRANSACTION
- control field: 20210628205207.0
008 - FIXED-LENGTH DATA ELEMENTS
- fixed length control field: 210628|| aca||aabn | a|a d
040 ## - CATALOGING SOURCE
- Original cataloging agency: NUST
- Transcribing agency: NUST
100 ## - HEADING--PERSONAL NAME
- Personal name: Olsen, L. A Huckin, Thomas N
670 ## - SOURCE DATA FOUND
- Source citation: Work cat.: (NUST): Olsen, L. A Huckin, Thomas N, Technical writing and professional communication for nonnative speakers of english, 1991
